Alexandria City Trivia - Statistics

General Stats
  • This quiz has been taken 24 times
  • The average score is 10 of 15
Answer Stats
Clue Answer % Correct
Military leader who founded Alexandria in 331 BC Alexander the Great
95%
Once one of the largest and most significant of its kind, this building's decline is said to have been the greatest loss of knowledge in history according to myth {Library} of Alexandria
95%
Last pharaoh of Egypt, born in Alexandria in 69 BC Cleopatra VII
91%
Sea that Alexandria lies on Mediterranean Sea
86%
Famous stone discovered in 1799 about 35 miles northeast of Alexandria {Rosetta} Stone
86%
Alexandria is on the western edge of this river delta Nile River
82%
The above supposedly let this creature bite and kill her, though it is debated Asp (Snake)
77%
Only city in Egypt larger than Alexandria Cairo
77%
Like Paris and Rome, Alexandria has this type of underground burial site Catacombs
77%
One of the Seven Wonders of the Ancient World, destroyed by earthquakes {Lighthouse} of Alexandria
77%
"Father of Geometry" who lived and worked in Alexandria Euclid
59%
Alexandria is the name of the city and the __________ it is part of Governorate
32%
Actor born in Alexandria as Michel Dimitri Chalhoub Omar Sharif
32%
Citadel that was built in the same place as the above (starts with Q) Citadel of {Qaitbay}
27%
Pillar at the remains of the Serapeum of Alexandria {Pompey}'s Pillar
27%
No matching quizzes found
Score Distribution
Percent of People with Each Score
Percentile by Number Answered
Your Score History
You have not taken this quiz